| 000 | 00760cam a2200217 4500 | ||
|---|---|---|---|
| 001 | ABS62243 | ||
| 008 | 000000n2000 000 0 eng u | ||
| 035 | _a(Sirsi) u105900 | ||
| 100 | _aSingleton, S. | ||
| 245 | _aCompetition Act 1998 : application to land agreements | ||
| 260 | _c2000 | ||
| 490 |
_aSolicitors' Journal _v144(16) 28 April 2000, 390-391(2) |
||
| 520 | _aDiscusses how the Competition Act 1998 will apply to property transactions. The new Act exempts 'land agreements' but this does not apply to all property transactions. | ||
| 590 | _aABS | ||
| 650 | _aCOMPETITION ACT 1998 | ||
| 650 | _aPROPERTY TRANSACTIONS | ||
| 650 | _aLAND AGREEMENTS | ||
| 650 | _aRESTRICTIVE TRADE PRACTICES ACT 1976 | ||
| 690 | _aPROPERTY | ||
| 942 | _n0 | ||
| 999 |
_c63412 _d63412 |
||